Hoài Thanh toàn tập; T1

Gespeichert in:
Bibliographische Detailangaben
1. Verfasser: Hoài Thanh
Format: Buch
Sprache:Undetermined
Veröffentlicht: Hà Nội Văn Học 1999
Schlagworte:
Tags: Tag hinzufügen
Keine Tags, Fügen Sie den ersten Tag hinzu!
Thư viện lưu trữ: Trung tâm Học liệu Trường Đại học Cần Thơ
LEADER 00503nam a2200181Ia 4500
001 CTU_34116
008 210402s9999 xx 000 0 und d
082 |a 809 
082 |b H404/T1 
100 |a Hoài Thanh 
245 0 |a Hoài Thanh toàn tập; T1 
245 0 |c Hoài Thanh 
260 |a Hà Nội 
260 |b Văn Học 
260 |c 1999 
650 |a vietnamese literature - history and criticism 
904 |i Minh, 991125 
980 |a Trung tâm Học liệu Trường Đại học Cần Thơ